000 00761nam a2200253Ia 4500
003 OSt
005 20221006143735.0
006 a|||||r|||| 00| 0
007 ta
008 221006b |||||||| |||| 00| 0 eng d
020 _cP45.00
024 _a9,827
037 _cTextual
040 _aEASL
_cEASL
_beng
041 _2eng
_aeng
082 _aX8(J).4153.N8, M8
100 _aVERMEER Eduard B
_9278457
245 0 _aEconomic development in provincial China
_b The central shaanxi since 1930
260 _aCambridge
_bCambridge University Press
_c1988
300 _a534p.
_ccm.
490 _v CEL
_aContemporary China institute publications
942 _hX8(J).4153.N8, M8
_cTEXL
_2CC
999 _c1077913
_d1077913